000
00324nam a22001337a 4500
008
170321b xxu||||| |||| 00| 0 eng d
020
_a
9780781723817
041
_a
eng
080
_2
6 ED
_a
616.12 -008-073
100
_a
7
101
_a
SHM
245
_a
MANUAL CLINICAL PROBLEMS IN CARDIOLOLOGY
_c
HILLIS.D
942
_2
udc
_c
BK
999
_c
8297
_d
8297